Impulsos modernos (Record no. 7589)

MARC details
000 -CABECERA
campo de control de longitud fija 00970nam a2200253 a 4500
001 - NÚMERO DE CONTROL
campo de control BRCA_7917
005 - FECHA Y HORA DE LA ÚLTIMA TRANSACCIÓN
campo de control 20190320210043.0
008 - DATOS DE LONGITUD FIJA--INFORMACIÓN GENERAL
campo de control de longitud fija 240214s2013----mx-a######---#000-0#spa-#
041 ## - CÓDIGO DE LENGUA
Código de lengua del texto/banda sonora o título independiente spa
044 ## - CÓDIGO DEL PAÍS DE LA ENTIDAD EDITORA/PRODUCTORA
Código MARC del país mx
050 #4 - SIGNATURA TOPOGRÁFICA DE LA BIBLIOTECA DEL CONGRESO
Número de clasificación ND255
Número de documento/Ítem .I47 2013
245 10 - MENCIÓN DE TÍTULO
Título Impulsos modernos
Resto del título pintura en México 1840-1950
Mención de responsabilidad, etc. texto Jaime Moreno Villarreal ; fotografía Francisco Kochen.
260 ## - PUBLICACIÓN, DISTRIBUCIÓN, ETC.
Lugar de publicación, distribución, etc. México
Nombre del editor, distribuidor, etc. Fideicomiso Museo Dolores Olmedo Patiño
Fecha de publicación, distribución, etc. 2013
300 ## - DESCRIPCIÓN FÍSICA
Extensión 119 p.
Otras características físicas il. a color
Dimensiones 30 cm.
500 ## - NOTA GENERAL
Nota general Incluye lista de obra
500 ## - NOTA GENERAL
Nota general Catálogo de la exposición realizada en el Museo Dolores Olmedo (Xochimilco, México, D.F.), 2013
500 ## - NOTA GENERAL
Nota general Incluye piezas de la colección Franz Mayer: p. 43
500 ## - NOTA GENERAL
Nota general 2do. ejemplar en el Área de Investigación
650 14 - PUNTO DE ACCESO ADICIONAL DE MATERIA--TÉRMINO DE MATERIA
Término de materia o nombre geográfico como elemento de entrada Pintura mexicana
Subdivisión cronológica 1840-1950
9 (RLIN) 19583
650 14 - PUNTO DE ACCESO ADICIONAL DE MATERIA--TÉRMINO DE MATERIA
Término de materia o nombre geográfico como elemento de entrada Pintura
Subdivisión cronológica 1840-1950
Subdivisión geográfica México
9 (RLIN) 19584
700 1# - PUNTO DE ACCESO ADICIONAL--NOMBRE DE PERSONA
Nombre de persona Moreno Villarreal, Jaime
9 (RLIN) 19585
700 1# - PUNTO DE ACCESO ADICIONAL--NOMBRE DE PERSONA
Nombre de persona Kochen, Francisco
Término indicativo de función/relación il.
9 (RLIN) 3545
942 ## - ELEMENTOS DE PUNTO DE ACCESO ADICIONAL (KOHA)
Fuente del sistema de clasificación o colocación Library of Congress Classification
Tipo de ítem Koha Libros
Holdings
Estado de retiro Estado de pérdida Estado dañado No para préstamo Localización permanente Ubicación/localización actual Fecha de adquisición Total de préstamos Signatura topográfica completa Código de barras Fecha visto por última vez Precio válido a partir de Tipo de ítem Koha Código de colección
El ejemplar forma parte de la colección y puede ser consultado según las políticas vigentes.       Biblioteca del Museo Franz Mayer (Rogerio Casas-Alatriste) Biblioteca del Museo Franz Mayer (Rogerio Casas-Alatriste) 24/02/2014   ND255 .I47 2013 02789 22/03/2019 22/03/2019 Libros  
El ejemplar forma parte de la colección y puede ser consultado según las políticas vigentes.       Biblioteca del Museo Franz Mayer (Rogerio Casas-Alatriste) Biblioteca del Museo Franz Mayer (Rogerio Casas-Alatriste) 06/10/2015   ND255 .I47 2013 02889 22/03/2019 22/03/2019 Libros Acervo General